000 00820nam0a22002531 4500
001 rc\799976
005 20250621235120.0
035 _a(NLR Aleph) 005984186
090 _a7060102
_c7060102
100 _a20041129d1984 |||y0rusy50 ca
101 0 _arus
102 _aRU
105 _aa |||||||||
200 1 _aЯванские хроники XVII-XVIII вв. как источник по истории Индонезии
210 _aМ.
_cНаука
_d1984
215 _a195 с., 1 отд. л. схем.
_d21
300 _aВ надзаг.: АН СССР, Ин-т востоковедения
300 _aРез.: англ.
700 1 _aКузнецова
_bС.С.
_gСеда Суреновна
801 0 _aRU
_bNLR
_gpsbo
801 1 _aRU
_bELAR
_2rusmarc
852 _aNLR
_j84-5/3903
942 _cBOOK
980 _aNB